Normal view MARC view
  • Liu, Yu-Cheng ans gibson, glenn a.

Entry Personal Name

Number of records used in: 1

001 - CONTROL NUMBER

  • control field: 4040

003 - CONTROL NUMBER IDENTIFIER

  • control field: OSt

005 - DATE AND TIME OF LATEST TRANSACTION

  • control field: 20180201144246.0

008 - FIXED-LENGTH DATA ELEMENTS

  • fixed length control field: 180201|| aca||aabn | a|a d

040 ## - CATALOGING SOURCE

  • Original cataloging agency: OSt
  • Transcribing agency: OSt

100 ## - HEADING--PERSONAL NAME

  • Personal name: Liu, Yu-Cheng ans gibson, glenn a.

670 ## - SOURCE DATA FOUND

  • Source citation: Work cat.: (OSt)106: Liu, Yu-Cheng ans gibson, glenn a., MicroComputer Systems: The 8086/8088 Family- Architechture, Programing Design, 2004